000 05344cam a22020777a 4500
020 _a0871173484
082 _bGOT
245 0 2 _aA practical guide for integrating civic responsibility into the curriculum /
_cedited by Karla Gottlieb and Gail Robinson.
250 _a2nd ed.
260 _aWashington, D.C. :
_bCommunity College Press,
_cc2002.
300 _av, 97 p. :
_bill. ;
_c28 cm.
526 _a0
_b0
_c0
_dGOT
526 _a0
_b0
_c0
_dGOT
526 _a0
_b0
_c0
_dGOT
526 _a0
_b0
_c0
_dGOT
526 _a0
_b0
_c0
_dGOT
526 _a0
_b0
_c0
_dGOT
526 _a0
_b0
_c0
_dGOT
526 _a0
_b0
_c0
_dGOT
526 _a0
_b0
_c0
_dGOT
526 _a0
_b0
_c0
_dGOT
526 _a0
_b0
_c0
_dGOT
526 _a0
_b0
_c0
_dGOT
526 _a0
_b0
_c0
_dGOT
526 _a0
_b0
_c0
_dGOT
526 _a0
_b0
_c0
_dGOT
526 _a0
_b0
_c0
_dGOT
526 _a0
_b0
_c0
_dGOT
526 _a0
_b0
_c0
_dGOT
526 _a0
_b0
_c0
_dGOT
526 _a0
_b0
_c0
_dGOT
526 _a0
_b0
_c0
_dGOT
526 _a0
_b0
_c0
_dGOT
526 _a0
_b0
_c0
_dGOT
526 _a0
_b0
_c0
_dGOT
526 _a0
_b0
_c0
_dGOT
526 _a0
_b0
_c0
_dGOT
526 _a0
_b0
_c0
_dGOT
526 _a0
_b0
_c0
_dGOT
526 _a0
_b0
_c0
_dGOT
526 _a0
_b0
_c0
_dGOT
526 _a0
_b0
_c0
_dGOT
526 _a0
_b0
_c0
_dGOT
526 _a0
_b0
_c0
_dGOT
526 _a0
_b0
_c0
_dGOT
526 _a0
_b0
_c0
_dGOT
526 _a0
_b0
_c0
_dGOT
526 _a0
_b0
_c0
_dGOT
526 _a0
_b0
_c0
_dGOT
526 _a0
_b0
_c0
_dGOT
526 _a0
_b0
_c0
_dGOT
526 _a0
_b0
_c0
_dGOT
526 _a0
_b0
_c0
_dGOT
526 _a0
_b0
_c0
_dGOT
526 _a0
_b0
_c0
_dGOT
526 _a0
_b0
_c0
_dGOT
526 _a0
_b0
_c0
_dGOT
526 _a0
_b0
_c0
_dGOT
526 _a0
_b0
_c0
_dGOT
526 _a0
_b0
_c0
_dGOT
526 _a0
_b0
_c0
_dGOT
526 _a0
_b0
_c0
_dGOT
526 _a0
_b0
_c0
_dGOT
526 _a0
_b0
_c0
_dGOT
526 _a0
_b0
_c0
_dGOT
526 _a0
_b0
_c0
_dGOT
526 _a0
_b0
_c0
_dGOT
526 _a0
_b0
_c0
_dGOT
526 _a0
_b0
_c0
_dGOT
526 _a0
_b0
_c0
_dGOT
526 _a0
_b0
_c0
_dGOT
526 _a0
_b0
_c0
_dGOT
526 _a0
_b0
_c0
_dGOT
526 _a0
_b0
_c0
_dGOT
526 _a0
_b0
_c0
_dGOT
526 _a0
_b0
_c0
_dGOT
526 _a0
_b0
_c0
_dGOT
526 _a0
_b0
_c0
_dGOT
526 _a0
_b0
_c0
_dGOT
526 _a0
_b0
_c0
_dGOT
526 _a0
_b0
_c0
_dGOT
526 _a0
_b0
_c0
_dGOT
526 _a0
_b0
_c0
_dGOT
526 _a0
_b0
_c0
_dGOT
526 _a0
_b0
_c0
_dGOT
526 _a0
_b0
_c0
_dGOT
526 _a0
_b0
_c0
_dGOT
526 _a0
_b0
_c0
_dGOT
526 _a0
_b0
_c0
_dGOT
526 _a0
_b0
_c0
_dGOT
526 _a0
_b0
_c0
_dGOT
526 _a0
_b0
_c0
_dGOT
526 _a0
_b0
_c0
_dGOT
526 _a0
_b0
_c0
_dGOT
526 _a0
_b0
_c0
_dGOT
526 _a0
_b0
_c0
_dGOT
526 _a0
_b0
_c0
_dGOT
526 _a0
_b0
_c0
_dGOT
526 _a0
_b0
_c0
_dGOT
526 _a0
_b0
_c0
_dGOT
526 _a0
_b0
_c0
_dGOT
526 _a0
_b0
_c0
_dGOT
526 _a0
_b0
_c0
_dGOT
526 _a0
_b0
_c0
_dGOT
526 _a0
_b0
_c0
_dGOT
526 _a0
_b0
_c0
_dGOT
526 _a0
_b0
_c0
_dGOT
526 _a0
_b0
_c0
_dGOT
526 _a0
_b0
_c0
_dGOT
526 _a0
_b0
_c0
_dGOT
526 _a0
_b0
_c0
_dGOT
526 _a0
_b0
_c0
_dGOT
526 _a0
_b0
_c0
_dGOT
526 _a0
_b0
_c0
_dGOT
526 _a0
_b0
_c0
_dGOT
526 _a0
_b0
_c0
_dGOT
526 _a0
_b0
_c0
_dGOT
526 _a0
_b0
_c0
_dGOT
526 _a0
_b0
_c0
_dGOT
526 _a0
_b0
_c0
_dGOT
526 _a0
_b0
_c0
_dGOT
526 _a0
_b0
_c0
_dGOT
526 _a0
_b0
_c0
_dGOT
526 _a0
_b0
_c0
_dGOT
526 _a0
_b0
_c0
_dGOT
526 _a0
_b0
_c0
_dGOT
526 _a0
_b0
_c0
_dGOT
526 _a0
_b0
_c0
_dGOT
526 _a0
_b0
_c0
_dGOT
526 _a0
_b0
_c0
_dGOT
526 _a0
_b0
_c0
_dGOT
526 _a0
_b0
_c0
_dGOT
526 _a0
_b0
_c0
_dGOT
526 _a0
_b0
_c0
_dGOT
526 _a0
_b0
_c0
_dGOT
526 _a0
_b0
_c0
_dGOT
526 _a0
_b0
_c0
_dGOT
526 _a0
_b0
_c0
_dGOT
526 _a0
_b0
_c0
_dGOT
526 _a0
_b0
_c0
_dGOT
526 _a0
_b0
_c0
_dGOT
526 _a0
_b0
_c0
_dGOT
526 _a0
_b0
_c0
_dGOT
526 _a0
_b0
_c0
_dGOT
526 _a0
_b0
_c0
_dGOT
526 _a0
_b0
_c0
_dGOT
526 _a0
_b0
_c0
_dGOT
526 _a0
_b0
_c0
_dGOT
526 _a0
_b0
_c0
_dGOT
526 _a0
_b0
_c0
_dGOT
526 _a0
_b0
_c0
_dGOT
526 _a0
_b0
_c0
_dGOT
526 _a0
_b0
_c0
_dGOT
526 _a0
_b0
_c0
_dGOT
526 _a0
_b0
_c0
_dGOT
526 _a0
_b0
_c0
_dGOT
526 _a0
_b0
_c0
_dGOT
526 _a0
_b0
_c0
_dGOT
526 _a0
_b0
_c0
_dGOT
526 _a0
_b0
_c0
_dGOT
526 _a0
_b0
_c0
_dGOT
526 _a0
_b0
_c0
_dGOT
526 _a0
_b0
_c0
_dGOT
526 _a0
_b0
_c0
_dGOT
526 _a0
_b0
_c0
_dGOT
526 _a0
_b0
_c0
_dGOT
650 0 _aCitizenship
_zStudy and teaching (Higher)
_zUnited States
_938100
650 0 _aCommunity and college
_zUnited States
_938101
650 0 _aCommunity colleges
_xCurricula
_zUnited States
_938102
650 0 _aMCE
_9379
650 0 _aService learning
_zUnited States
_938103
650 0 _aStudent volunteers in social service
_zUnited States
_938104
700 1 _aGottlieb, Karla Lewis.
_938105
700 1 _aRobinson, Gail,
_938106
942 _2ddc
_cBK
999 _c542776
_d542776